00315nam a2200121Ia 4500008004100000041000800041082001600049100001700065245004200082260003300124300001900157999001700176241015s9999 xx 000 0 und d aeng a658.403 TUR aTurban, Wali aInformation Technology For Management bWiley IndiaaNew Delhic2022 a606;. p 28 cm. c41890d41890